Eze Goes to School with Moral Lesson (Record no. 4704)
[ view plain ]
| 000 -LEADER | |
|---|---|
| fixed length control field | 00495nam a22001577a 4500 |
| 008 - FIXED-LENGTH DATA ELEMENTS--GENERAL INFORMATION | |
| fixed length control field | 260424b |||||||| |||| 00| 0 eng d |
| 020 ## - INTERNATIONAL STANDARD BOOK NUMBER | |
| ISBN | 9781482923 |
| 100 ## - MAIN ENTRY--AUTHOR | |
| Author | Nzekwu, Onuora & Crowder, Michael |
| 245 ## - TITLE STATEMENT | |
| Title | Eze Goes to School with Moral Lesson |
| 260 ## - PUBLICATION, DISTRIBUTION, ETC. (IMPRINT) | |
| Place of publication | Ibadan |
| Name of publisher | African University Press |
| 300 ## - COLLATION | |
| Pagination | 180p. |
| Other physical details | ill |
| 650 ## - TRACINGS | |
| Main Subject | English Literature |
| Subdivision (1st) | Children—Nigeria—Fiction |
| Subdivision (2nd) | Moral education—Juvenile literature |
| 942 ## - ADDED ENTRY ELEMENTS (KOHA) | |
| Item type | Books |
| 050 ## - LIBRARY OF CONGRESS CALL NUMBER | |
| Classification number | PR9387.2 |
| Item number | .E94 |
| Source of classification or shelving scheme | Not for loan | Permanent location | Current location | Date acquired | Accession No. | Full call number | Barcode. | Copy number | Koha item type |
|---|---|---|---|---|---|---|---|---|---|
| Library of Congress Classification | Samuel Ogbemudia Main Library, University of Abuja | Samuel Ogbemudia Main Library, University of Abuja | 04/24/2026 | 2026/71982-93 | PR9387.2 .E94 | 2026-0198 | 2 | Books |